01003cam a2200265 a 4500001001000000003000900010005001700019008004100036020001500077035002600092040002500118082002300143245010200166260011500268300002800383650004300411650005200454651003600506700002700542700002400569700003000593700003900623700002000662710005500682000013879DO-SdBNP20250612133448.0991208s1999 mx a f001 0 spa  a9688429872 a(MxMxBFM)bm 970107127 aDO-SdBNPcDLCdBNPHU 4a327.1772bN96422203aLa nueva política mexicana de cooperación internacional /cJorge Alberto Lozoya ... [et al.]. aMéxico :bSecretaría de Relaciones Exteriores ;bInstituto Mexicano de Cooperación Internacional,c1999. a174 p. :bil. ;c23 cm. 0aCooperación internacional zMéxico 4aCooperación internacional educativazMéxico 7aMéxicoxRelaciones exteriores1 aLozoya, Jorge Alberto.1 aAbarca Ayala, Abel.1 aAlcázar, Marco Antonio.1 aGarcía-López Laoez, Agustín.1 aNualart, Jaime.1 aInstituto Mexicano de Cooperación Internacional.